00495nam a22001697a 450000500170000001000130001702000260003003500130005603700100006908200130007910000230009224500900011526000360020527000380024130000260027950000200030520111007112757.0 aG-001670 a9781850659204c895.001daG-001670 bGift  a954.9105 aMilam, William B. E aBangladesh and Pakistan:cby William B. Milam bflirting with failure in South Asia / aLondonbFoundation Books c2009 a41 Great Russell Street,bLondon  axii, 276p. c22cm(Hb) aIncludes index